000 00610nam a2200193Ia 4500
005 20250508155529.0
008 008 250505s9999 xx 000 0 eng d
037 _aBooks to be hide in OPAC
040 _aFEDL
_beng
_cFEDL
041 _aeng
_2eng
084 _a370.954, NCE/O
_qFEDL
245 0 _aReport of the education commission 1964-66: Summary of recommendations
245 0 _cNCERT
260 _aNew Delhi, India
_bNational Council of Educational Research and Training
_c1967
300 _a140p.
365 _aINR
_b2.5
942 _cHB
_h370.954, NCE/O
999 _c1357470
_d1357470